Fighting Type Pokemon Abilities - Statistics

General Stats
  • This quiz has been taken 51 times
    42 since last reset
  • The average score is 51 of 73
Answer Stats
Gen Ability % Correct
3 Blaze
100%
3 Guts
100%
5 Justified
100%
4 No Guard
100%
6 Overgrow
100%
9 Protosynthesis
100%
9 Quark Drive
100%
4 Steadfast
100%
4 Anger Point
92%
4 Iron Fist
92%
5 Moxie
92%
9 Orichalcum Pulse
92%
3 Pure Power
92%
9 Torrent
92%
7 Beast Boost
85%
3 Limber
85%
5 Poison Touch
85%
5 Speed Boost
85%
5 Sturdy
85%
3 Thick Fat
85%
5 Unburden
85%
4 Anticipation
77%
6 Bulletproof
77%
5 Defiant
77%
4 Inner Focus
77%
3 Intimidate
77%
4 Multitype
77%
4 Reckless
77%
7 RKS System
77%
6 Scrappy
77%
5 Shed Skin
77%
5 Sheer Force
77%
7 Soundproof
77%
8 Unseen Fist
77%
3 Water Absorb
77%
4 Dry Skin
69%
7 Fluffy
69%
7 Klutz
69%
7 Overcoat
69%
7 Receiver
69%
3 Swarm
69%
5 Swift Swim
69%
4 Technician
69%
9 Volt Absorb
69%
6 Adaptability
62%
8 Battle Armor
62%
9 Costar
62%
4 Poison Heal
62%
5 Regenerator
62%
9 Toxic Chain
62%
8 Chlorophyll
54%
3 Damp
54%
9 Guard Dog
54%
8 Hustle
54%
3 Keen Eye
54%
5 Mold Breaker
54%
6 Skill Link
54%
5 Telepathy
54%
7 Unnerve
54%
3 Vital Spirit
54%
9 Cud Chew
46%
8 Dauntless Shield
46%
3 Effect Spore
46%
7 Hyper Cutter
46%
9 Natural Cure
46%
5 Prankster
46%
8 Pressure
46%
5 Serene Grace
46%
9 Tangled Feet
46%
8 Leaf Guard
38%
9 Sharpness
38%
7 Cute Charm
31%
8 Long Reach
31%
No matching quizzes found
Score Distribution
Percent of People with Each Score
Percentile by Number Answered
Your Score History
You have not taken this quiz since the last reset